000 00462nam a2200193Ia 4500
005 20240823032438.0
008 240823s9999||||xx |||||||||||||| ||und||
020 _a978-81-317-6772-6
041 _aENGLISH
082 _A621.3815 Q2
100 _a"Kishore,Lal"
245 0 _aLinear Integrated Circuits
250 _a1st
260 _c2012
_b"Pearson,"
500 _aYES
650 _aIntegrated Circuit
_bInstrumentation
942 _cBK
999 _c193459
_d193459